000 00572nam a22002057a 4500
003 OSt
005 20160628193535.0
008 160628b xxu||||| |||| 00| 0 eng d
020 _a1853154989
040 _cDNLM
082 _aW85 K552p 2002
100 _aKiley, Robert; Graham, Elizabeth
_99722
245 _aThe Patient's Internet Handbook
260 _aUSA; Royal Society of Medicene Press, 2002
300 _axiv,302p; col.ill: 23.5cm
504 _aIndex included
650 _aPatient's information
_99723
650 _aMedical guide
_99724
942 _2z
_cO_SHELF
999 _c4534
_d4534